11th Workshop in Nuclear Physics (Record no. 626)

MARC details
000 -LEADER
fixed length control field 00298nam a2200121Ia 4500
008 - FIXED-LENGTH DATA ELEMENTS--GENERAL INFORMATION
fixed length control field 191201s1987 xx 000 0 und d
100 ## - MAIN ENTRY--PERSONAL NAME
Personal name MACCHIAVELLI,Augustto
245 #0 - TITLE STATEMENT
Title 11th Workshop in Nuclear Physics
260 ## - PUBLICATION, DISTRIBUTION, ETC. (IMPRINT)
Name of publisher, distributor, etc World scientific
Date of publication, distribution, etc 1987
300 ## - PHYSICAL DESCRIPTION
Extent 595
650 ## - SUBJECT ADDED ENTRY--TOPICAL TERM
Topical term or geographic name as entry element Applied
942 ## - ADDED ENTRY ELEMENTS (KOHA)
Source of classification or shelving scheme Dewey Decimal Classification
Koha item type Text Books
Holdings
Withdrawn status Lost status Source of classification or shelving scheme Damaged status Not for loan Collection code Home library Current library Date acquired Source of acquisition Bill Number Total Checkouts Full call number Acc. no. / Barcode Date last seen Bill Date Koha item type Public note
    Dewey Decimal Classification     Applied Sc. PIET C-LIBRARY PIET C-LIBRARY 05/10/2010 Donated by N.D.SHARMA Donated by N.D.SHARMA   539.7 MAW 16576 04/12/2019 27/09/2010 Text Books Donated By N.d.sharma

Design & Developed by: PIET Central Library
R70 Miles Stone Pattikalyana Samalkha Panipat 132102
mail ID :- [email protected], Phone No:- 0180-2569700 Ex.216